Statistics for Квиз о Северној Кореји

Click here to take the quiz!

General Stats

  • This quiz has been taken 97 times
  • The average score is 9 of 21

Answer Stats

ОписОдговор% Correct
Тренутни врховни вођа Северне КорејеКим Џонг Ун
95%
Главни градПјонгјанг
91%
Северна Кореја дели границу од 17 км са овом државомРусија
80%
Технички гледано, Северна Кореја је још увек у рату са овом државомЈужна Кореја
75%
Море између Северне Кореје и КинеЖуто море
72%
2011. Устав је измењен да би се избацило свако помињање ове идеологијеКомунизам
63%
У 2020, Северна Кореја је потрошила 24% БДП-а на овај секторВојску
58%
Година у којој је Ким Ил Сунг, оснивач Северне Кореје, умро1994
53%
Оружје које је Северна Кореја тестирала први пут 2006. годинеНуклеарно оружје
48%
Са капацитетом од 114,000 људи "Рунградо 1. мај" је други највећи ______ на светуСтадион
46%
Граница са Јужном Корејом се скраћено зове ДМЗ. Који је пуни назив?Демилитаризована зона
39%
Страни град у коме се налази већина амбасада за Северну КорејуПекинг
37%
Катастрофа која је погодила Северну Кореју 1994–1998Глад
37%
Година када се фудбалска репрезентација ове државе први пут квалификовала на светско првенство1966
32%
Амерички кошаркаш који је близак пријатељ вође Северне КорејеДенис Родман
23%
Званичан систем веровања Северне КорејеАтеизам
16%
Највиша зграда у овој држави. Почела је да се гради 1987, али је још увек незавршенаРјугјонг {Хотел}
14%
Званична државна идеологијаЏуче
10%
Владајућа политичка партијаРадничка партија Кореје
5%
Надимак Северне Кореје, настао због њене изолационе политике{Пустињачко} краљевство
1%
Највиша планинаПаекту
0%

Score Distribution

Percentile by Number Answered

Percent of People with Each Score

Your Score History

You have not taken this quiz